Normal view
MARC view
Entry Personal Name
001 - CONTROL NUMBER
- control field: 61208
003 - CONTROL NUMBER IDENTIFIER
- control field: dpl
005 - DATE AND TIME OF LATEST TRANSACTION
- control field: 20240124102022.0
008 - FIXED-LENGTH DATA ELEMENTS
- fixed length control field: 240124|| aca||aabn | a|a d
040 ## - CATALOGING SOURCE
- Original cataloging agency: dpl
- Transcribing agency: dpl
100 ## - HEADING--PERSONAL NAME
- Personal name: मेहेर,छबील कुमार
670 ## - SOURCE DATA FOUND
- Source citation: Work cat.: (dpl)200335: मेहेर,छबील कुमार , राजभाषा-सन्दर्भ और प्रशासनिक हिन्दी/, 2022
